000 00417nam a22001577a 4500
003 CEME
005 20210628202427.0
008 210105b xxu||||| |||| 00| 0 eng d
040 _cceme
082 _a621.3822 JOH
100 _aJohnson, Don H, Dudgeon, Dan E
_959861
245 _aArray signal processing, concepts and techniques
260 _aUSA
_bPRENTICE HALL
_c2005
300 _aXIII, 534P
942 _cBK
_2ddc
999 _c569742
_d569742